Movies Quiz

Random Movies or Actor Quiz

The Best Actor Actress Nominations 2011 Quiz Stats

 Plays Quiz not verified by Sporcle

Support Sporcle.
Go Orange.
Score 0/10 Timer 02:00
0 Plays Today
Movie Actor/Actress % Correct
Black SwanNatalie Portman
98.5%
The Social NetworkJesse Eisenberg
90.8%
The King's SpeechColin Firth
89.2%
127 HoursJames Franco
89.2%
True GritJeff Bridges
87.7%
BiutifulJavier Bardem
84.6%
The Kids Are All RightAnnette Bening
84.6%
Rabbit HoleNicole Kidman
84.6%
Blue ValentineMichelle Williams
83.1%
Winter's BoneJennifer Lawrence
81.5%

You're not logged in!

Compare scores with friends on all Sporcle quizzes.
OR
Log In

From the Vault

NHL Stats Leaders (2000s)

by Lauro

The NHL in the 2000s was defined by some truly great players. Also a lockout and some disciplinary scandals, but mostly the great players.
Remove Ads.
Support Sporcle.
Get the best of Sporcle when you Go Orange. This ad-free experience offers more features, more stats, and more fun while also helping to support Sporcle. Thank you for becoming a member.

Show Comments

Extras

Top Quizzes Today


Score Distribution

Your Account Isn't Verified!

In order to create a playlist on Sporcle, you need to verify the email address you used during registration. Go to your Sporcle Settings to finish the process.

Report this User

Report this user for behavior that violates our Community Guidelines.

Details: